00688nam a2200205Ia 450000100060000000800390000602000170004508200120006224500640007425000120013826000440015030000180019465300230021265300180023565300150025370000280026894200120029695201570030899900170046556425130429n2007 ii |||gr||||Z||||||346 a817293-942-6 a891.442 0aNatak Samagra :bVol- V /cMonoj Mitra .hTextual Documents aIst ed. aKolkatabMitra & Ghosh publishersc2007 a384pg:c20cm. aBengali literature aBengali Drama aG- Bengali aMitra , Monoj,eAuthor. 2ddccBK 001040708General aSKBLbSKBLcG- Bengalid2013-04-29eBEf00000g150.00l0o891.442 Mi 697 Nap2913/Bengr2024-01-14 00:00:00t1w2013-04-29yBKzBE c56347d56347